All Michigan Cities By Letter - I, J, & K - Statistics

General Stats
  • This quiz has been taken 11 times
  • The average score is 10 of 20
Answer Stats
Population County City/Village % Correct
32,440 Jackson Jackson
100%
76,200 Kalamazoo Kalamazoo
100%
11,168 Ionia Ionia
89%
51,898 Kent Kentwood
67%
3,569 Lapeer Imlay City
56%
7,309 Dickinson Iron Mountain
56%
6,416 Marquette Ishpeming
56%
2,766 Gratiot Ithaca
56%
2,094 Kalkaska Kalkaska
56%
409 Tuscola Kingston
56%
24,284 Wayne Inkster
44%
2,829 Iron Iron River
44%
4,870 Gogebic Ironwood
44%
4,951 Dickinson Kingsford
44%
2,215 Hillsdale Jonesville
33%
3,381 Oakland Keego Harbor
33%
460 Manistee Kaleva
22%
1,187 Kent Kent City
22%
414 Huron Kinde
22%
1,625 Grand Traverse Kingsley
22%
No matching quizzes found
Score Distribution
Percent of People with Each Score
Percentile by Number Answered
Your Score History
You have not taken this quiz